[Event "II Open A"]
[Site "Padova ITA"]
[Date "1999.12.18"]
[Round "8"]
[White "Joksic, Sinisa"]
[Black "Tomescu, Vlad"]
[Result "0-1"]
[WhiteElo "2288"]
[BlackElo "2453"]
[PlyCount "70"]
[EventDate "1999.12.11"]

1.d4 Nf6 2.c4 g6 3.Nc3 d5 4.Nf3 Bg7 5.e3 O-O 6.b4 b6 7.Qb3 e6 8.a4 c5 9.
Ba3 dxc4 10.Bxc4 Nc6 11.dxc5 bxc5 12.Rd1 Nd7 13.Bxe6 fxe6 14.b5 Nb4 15.Ne4
Kh8 16.O-O Nd5 17.Nxc5 Nxc5 18.Bxc5 Rxf3 19.gxf3 Qg5+ 20.Kh1 Bb7 21.Rg1 
Qe5 22.e4 Nc3 23.Rd3 Qxc5 24.Qxe6 Rf8 25.Rc1 Qxf2 26.Qe7 Ne2 27.Qc5 Qxc5 
28.Rxc5 Nd4 29.Rc7 Ba8 30.Rxa7 Nxf3 31.Re3 Ng5 32.h4 Nxe4 33.Kh2 Be5+ 34.
Rg3 Rf2+ 35.Kg1 Bxg3 0-1

[Event "II Open A"]
[Site "Padova ITA"]
[Date "1999.12.18"]
[Round "8"]
[White "Lacrosse, Marc"]
[Black "Diotallevi, Maurizio"]
[Result "1-0"]
[WhiteElo "2218"]
[BlackElo "1909"]
[PlyCount "93"]
[EventDate "1999.12.11"]

1.d4 d5 2.c4 e6 3.Nc3 Nf6 4.Bg5 Be7 5.e3 Nbd7 6.cxd5 exd5 7.Qc2 c6 8.Bd3 
O-O 9.Nf3 Re8 10.O-O Nf8 11.Rab1 g6 12.b4 a6 13.a4 Ne6 14.Bh4 Ng7 15.b5 
axb5 16.axb5 Bf5 17.bxc6 bxc6 18.Ne5 Bxd3 19.Qxd3 Rc8 20.Rb7 Qd6 21.Rc1 
Nf5 22.Bxf6 Qxf6 23.Qa6 Qe6 24.Na4 Ra8 25.Ra7 Rxa7 26.Qxa7 c5 27.Nxc5 Bxc5
28.Qxc5 f6 29.Nf3 Nd6 30.Qb6 Nc4 31.Qxe6+ Rxe6 32.Ne1 Re7 33.Nd3 Rd7 34.
Nf4 Nb6 35.Rc6 Rb7 36.h4 g5 37.Nh5 Nd7 38.Nxf6+ Nxf6 39.Rxf6 gxh4 40.Rf5 
Rd7 41.Kh2 Kg7 42.Kh3 Kg6 43.Re5 Kf6 44.Kxh4 Kg6 45.g4 h6 46.Re6+ Kg7 47.
Kh5 1-0

[Event "II Open A"]
[Site "Padova ITA"]
[Date "1999.12.18"]
[Round "8"]
[White "Naumkin, Igor"]
[Black "Mrdja, Milan"]
[Result "0-1"]
[WhiteElo "2489"]
[BlackElo "2425"]
[PlyCount "50"]
[EventDate "1999.12.11"]

1.d4 Nf6 2.c4 c5 3.d5 e6 4.Nc3 exd5 5.cxd5 d6 6.Nf3 g6 7.e4 Bg7 8.Be2 O-O 
9.O-O Re8 10.Nd2 Na6 11.f4 Nc7 12.a4 b6 13.Kh1 Rb8 14.Bf3 Ba6 15.Re1 Bd3 
16.Nf1 c4 17.Bd2 a6 18.b4 cxb3 19.Qxb3 Nd7 20.Ng3 b5 21.axb5 Nxb5 22.Nxb5 
Nc5 23.Qa3 Bxa1 24.Nxd6 Qxd6 25.Rxa1 Nxe4 0-1

[Event "II Open A"]
[Site "Padova ITA"]
[Date "1999.12.18"]
[Round "8"]
[White "Popa, Florin"]
[Black "Caruso, Augusto"]
[Result "0-1"]
[WhiteElo "2213"]
[BlackElo "2219"]
[PlyCount "66"]
[EventDate "1999.12.11"]

1.e4 e5 2.d4 exd4 3.Qxd4 Nc6 4.Qe3 g6 5.Nc3 Bg7 6.Bd2 Nf6 7.O-O-O O-O 8.
Bc4 Re8 9.f3 Na5 10.Bd3 d5 11.Qg5 h6 12.Qh4 d4 13.Na4 b6 14.b3 Bd7 15.Nb2 
Nb7 16.g4 b5 17.Ne2 c5 18.g5 Nh7 19.f4 hxg5 20.fxg5 Nd6 21.Rdf1 Rc8 22.Ng3
c4 23.bxc4 bxc4 24.Nxc4 Rxc4 25.Rxf7 Nxf7 26.Bxc4 Be6 27.Bd3 Ne5 28.Rf1 
Bxa2 29.Nf5 gxf5 30.exf5 Nxd3+ 31.cxd3 Qc7+ 32.Kb2 Rb8+ 33.Kxa2 Qc2+ 0-1

[Event "II Open A"]
[Site "Padova ITA"]
[Date "1999.12.18"]
[Round "8"]
[White "Rossato, Armando"]
[Black "Van Hoolandt, Patrick"]
[Result "1-0"]
[WhiteElo "2219"]
[BlackElo "2050"]
[PlyCount "99"]
[EventDate "1999.12.11"]

1.d4 g6 2.Nf3 d6 3.c4 Bg7 4.Nc3 Nd7 5.e4 e5 6.Be3 Ne7 7.Qc2 Nc6 8.dxe5 
Ndxe5 9.Nxe5 Nxe5 10.Be2 b6 11.Rd1 O-O 12.h3 Re8 13.Nd5 f5 14.exf5 Bxf5 
15.Qb3 Kh8 16.O-O c6 17.Nf4 Qe7 18.Rd2 Rad8 19.Rfd1 Be4 20.Qa3 Nf7 21.Bg4 
Ne5 22.Be2 Nf7 23.Bf1 Bf5 24.Qa4 Ne5 25.b4 Be4 26.b5 Rf8 27.bxc6 Bxc6 28.
Qa3 Bh6 29.Nxg6+ hxg6 30.Bxh6 Rf3 31.Be3 Rxh3 32.Rxd6 Nf3+ 33.gxf3 Rh1+ 
34.Kxh1 Bxf3+ 35.Bg2 Bxd1 36.Rxd8+ Qxd8 37.Qc3+ Kh7 38.Qd4 Qxd4 39.Bxd4 
Be2 40.Bd5 Bd3 41.Kg2 Bb1 42.a3 Ba2 43.Kf3 b5 44.Bxa7 bxc4 45.Bd4 Bb3 46.
Bc3 g5 47.Bc6 Bd1+ 48.Kg3 Kg6 49.a4 Kf5 50.a5 1-0

[Event "II Open A"]
[Site "Padova ITA"]
[Date "1999.12.18"]
[Round "8"]
[White "Rossi, Giampiero"]
[Black "Astengo, Marcello"]
[Result "1-0"]
[WhiteElo "2020"]
[BlackElo "2017"]
[PlyCount "85"]
[EventDate "1999.12.11"]

1.d4 d5 2.c4 e6 3.Nc3 c6 4.e3 Nf6 5.Nf3 Nbd7 6.Qc2 Be7 7.Bd2 O-O 8.Rd1 Re8
9.a3 Bd6 10.Bd3 e5 11.cxd5 cxd5 12.dxe5 Nxe5 13.Nxe5 Bxe5 14.O-O d4 15.
exd4 Qxd4 16.Bg5 Qg4 17.Bxf6 gxf6 18.Ne2 Bd7 19.h3 Qe6 20.Rde1 Kh8 21.Qd2 
Rg8 22.Be4 Ba4 23.b3 Bxb3 24.Rb1 Qxh3 25.f4 Rxg2+ 26.Bxg2 Rg8 27.Ng3 Rxg3 
28.fxe5 Bc4 29.exf6 h6 30.Rfe1 Kh7 31.Qc2+ Bd3 32.Qxd3+ Rxd3 33.Bxh3 Rxh3 
34.Rxb7 Kg6 35.Rxa7 Kxf6 36.Ree7 Rg3+ 37.Kf2 Rg7 38.a4 Kg6 39.a5 h5 40.a6 
h4 41.Rxf7 Rxf7+ 42.Rxf7 Kxf7 43.a7 1-0

[Event "II Open A"]
[Site "Padova ITA"]
[Date "1999.12.18"]
[Round "8"]
[White "Timoscenko, Gennadij A."]
[Black "Godena, Michele"]
[Result "1-0"]
[WhiteElo "2536"]
[BlackElo "2490"]
[PlyCount "162"]
[EventDate "1999.12.11"]

1.d4 d5 2.c4 c6 3.Nc3 Nf6 4.e3 e6 5.Nf3 a6 6.b3 Bb4 7.Bd2 Nbd7 8.Bd3 O-O 
9.O-O Bd6 10.Qc2 e5 11.cxd5 cxd5 12.e4 exd4 13.Nxd5 Nxd5 14.exd5 Nf6 15.
Rae1 h6 16.Qc4 Nxd5 17.Qxd4 Be6 18.Bb1 Rc8 19.Qd3 Nf6 20.Nd4 Bd7 21.Rd1 
Rc5 22.Bb4 Rd5 23.Bxd6 Rxd6 24.Qc2 Bg4 25.f3 Rxd4 26.fxg4 Rxd1 27.Qxd1 
Qxd1 28.Rxd1 Nxg4 29.Be4 b6 30.b4 Re8 31.Bf3 Ne5 32.Bb7 a5 33.bxa5 bxa5 
34.a4 Rb8 35.Ba6 Rb4 36.Rd5 Ng4 37.Bd3 g6 38.Rxa5 Rd4 39.Be2 h5 40.h3 Rd2 
41.Bf3 Ne3 42.Re5 Nf5 43.Kf1 Ra2 44.a5 Kg7 45.Bb7 Kf6 46.Rc5 Ne3+ 47.Kg1 
h4 48.a6 Nxg2 49.Bxg2 Rxa6 50.Bd5 Kg7 51.Rc7 Rf6 52.Kg2 Rf5 53.Ba2 Rf4 54.
Bd5 Rf5 55.Bf3 Rf4 56.Kf2 Kf6 57.Rc5 Kg7 58.Ke3 Ra4 59.Rc7 Kf6 60.Bd5 Ra3+
61.Kf4 g5+ 62.Kg4 Rg3+ 63.Kh5 Rxh3 64.Rxf7+ Ke5 65.Bf3 Ke6 66.Rf8 Ke7 67.
Rf5 Rg3 68.Bg4 h3 69.Rf1 h2 70.Rh1 Rg2 71.Kxg5 Kd6 72.Kf4 Rf2+ 73.Kg3 Rd2 
74.Bf3 Ke5 75.Re1+ Kd4 76.Bg2 Rb2 77.Kxh2 Rb8 78.Kg3 Rg8+ 79.Kf2 Rf8+ 80.
Bf3 Rf6 81.Rd1+ Kc5 1-0

[Event "II Open A"]
[Site "Padova ITA"]
[Date "1999.12.18"]
[Round "8"]
[White "Zinani, Alessandro"]
[Black "Artizzu, Giulio"]
[Result "0-1"]
[WhiteElo "2222"]
[BlackElo "1825"]
[PlyCount "78"]
[EventDate "1999.12.11"]

1.d4 Nf6 2.Nf3 g6 3.Bg5 Bg7 4.Nbd2 c5 5.c3 cxd4 6.cxd4 d5 7.e3 O-O 8.Bd3 
Nc6 9.O-O Bg4 10.Qb3 Qb6 11.Qxb6 axb6 12.a3 Rfc8 13.Rac1 Nd7 14.h3 Bxf3 
15.Nxf3 f6 16.Bh4 e5 17.Bb1 Na5 18.Ba2 Nc4 19.e4 b5 20.exd5 e4 21.Bxc4 
bxc4 22.Nd2 g5 23.Bg3 f5 24.Rxc4 Rxc4 25.Nxc4 f4 26.Bh2 Bxd4 27.Rd1 Bg7 
28.g3 Ne5 29.Nxe5 Bxe5 30.gxf4 gxf4 31.Re1 Ra4 32.Rd1 Bd6 33.Kf1 Kf7 34.
Kg2 Rc4 35.Re1 Kf6 36.h4 Kf5 37.f3 Rc2+ 38.Kh3 e3 39.b4 Rf2 0-1

[Event "II Open A"]
[Site "Padova ITA"]
[Date "1999.12.19"]
[Round "9"]
[White "Astengo, Marcello"]
[Black "Zinani, Alessandro"]
[Result "1-0"]
[WhiteElo "2017"]
[BlackElo "2222"]
[PlyCount "85"]
[EventDate "1999.12.11"]

1.d4 Nf6 2.c4 b6 3.Nc3 Bb7 4.Nf3 e6 5.Bg5 Be7 6.e3 h6 7.Bf4 Nh5 8.Bg3 Nxg3
9.fxg3 d6 10.Bd3 Nd7 11.O-O O-O 12.Rc1 c5 13.Bb1 g6 14.Qd3 a6 15.Rf2 f5 
16.g4 Nf6 17.gxf5 exf5 18.d5 Ng4 19.Rff1 Bf6 20.e4 Bc8 21.Rce1 Ra7 22.Qd2 
f4 23.e5 dxe5 24.Bxg6 Rg7 25.Bd3 Ne3 26.Rf2 Bg4 27.Rxe3 fxe3 28.Qxe3 Bxf3 
29.Rxf3 e4 30.Qxe4 Bd4+ 31.Kh1 Rxf3 32.Qxf3 Qf6 33.Qh5 Re7 34.Qg4+ Kh8 35.
Ne4 Qg7 36.Qc8+ Qg8 37.Qc6 Qf8 38.d6 Rf7 39.Ng3 Be5 40.d7 Bxg3 41.hxg3 Qd8
42.Qxh6+ Kg8 43.Bf5 1-0

[Event "II Open A"]
[Site "Padova ITA"]
[Date "1999.12.19"]
[Round "9"]
[White "Caruso, Augusto"]
[Black "Rossi, Giampiero"]
[Result "1-0"]
[WhiteElo "2219"]
[BlackElo "2020"]
[PlyCount "71"]
[EventDate "1999.12.11"]

1.e4 c5 2.Nf3 e6 3.d4 cxd4 4.Nxd4 a6 5.Be3 Nf6 6.Bd3 Qc7 7.O-O Nc6 8.Nxc6 
dxc6 9.f4 e5 10.f5 b5 11.Nd2 Bb7 12.c4 Rd8 13.Qe2 Ng4 14.Rf3 Nxe3 15.Qxe3 
Bd6 16.c5 Be7 17.b4 O-O 18.Raf1 Bf6 19.Nb3 Rd7 20.Be2 Qd8 21.Rg3 Qe7 22.
Qf3 Rfd8 23.Rh3 h6 24.Qh5 Bg5 25.Rg3 f6 26.h4 Bf4 27.Rh3 Ba8 28.Qf3 Qf7 
29.g3 Bd2 30.a3 h5 31.Rh2 Bh6 32.Rg2 Kh8 33.Rb1 g6 34.fxg6 Qxg6 35.Rf1 Kg7
36.g4 1-0

[Event "II Open A"]
[Site "Padova ITA"]
[Date "1999.12.19"]
[Round "9"]
[White "Colovic, Aleksandar"]
[Black "Naumkin, Igor"]
[Result "1/2-1/2"]
[WhiteElo "2423"]
[BlackElo "2489"]
[PlyCount "46"]
[EventDate "1999.12.11"]

1.e4 e5 2.Nf3 Nc6 3.Bb5 a6 4.Ba4 Nf6 5.O-O Nxe4 6.d4 b5 7.Bb3 d5 8.dxe5 
Be6 9.Qe2 Be7 10.Rd1 O-O 11.c4 bxc4 12.Bxc4 Bc5 13.Be3 Bxe3 14.Qxe3 Qb8 
15.Bb3 Na5 16.Nbd2 Qa7 17.Qxa7 Rxa7 18.Rac1 c5 19.Nxe4 Nxb3 20.axb3 dxe4 
21.Nd2 e3 22.fxe3 Rb7 23.Ne4 Rxb3 1/2-1/2

[Event "II Open A"]
[Site "Padova ITA"]
[Date "1999.12.19"]
[Round "9"]
[White "Danieli, Enrico"]
[Black "Cacco, Christian"]
[Result "0-1"]
[WhiteElo "2039"]
[BlackElo "2292"]
[PlyCount "60"]
[EventDate "1999.12.11"]

1.d4 c5 2.e3 Nf6 3.Nf3 b6 4.Bd3 g6 5.O-O Bg7 6.c3 d5 7.Nbd2 O-O 8.Re1 Bb7 
9.Qe2 Nbd7 10.e4 cxd4 11.cxd4 dxe4 12.Nxe4 Nd5 13.Bd2 N7f6 14.Rac1 Rc8 15.
Ne5 Rxc1 16.Rxc1 Qa8 17.Ng5 h6 18.Ngf3 Bc8 19.h3 e6 20.g4 Ne7 21.Bf4 Nfd5 
22.Bg3 Nb4 23.Bb1 f5 24.a3 Nbd5 25.gxf5 exf5 26.Ba2 Kh7 27.Bb1 Bf6 28.Qd2 
Kg7 29.Nd3 Be6 30.Be5 Rc8 0-1

[Event "II Open A"]
[Site "Padova ITA"]
[Date "1999.12.19"]
[Round "9"]
[White "De Bortoli, Peter"]
[Black "Rossato, Armando"]
[Result "1/2-1/2"]
[WhiteElo "2225"]
[BlackElo "2219"]
[PlyCount "80"]
[EventDate "1999.12.11"]

1.e4 e6 2.d4 d5 3.Nc3 Bb4 4.exd5 exd5 5.Bd3 Nf6 6.Be3 O-O 7.Qf3 Bg4 8.Qg3 
Re8 9.h3 Bh5 10.Nf3 Ne4 11.Bxe4 dxe4 12.Nd2 Nc6 13.Nb3 Re6 14.Qh2 Bd6 15.
Qg1 Nb4 16.Rc1 c6 17.g4 Bg6 18.Qf1 Qf6 19.a3 Nd5 20.Nxd5 cxd5 21.Qb5 Qf3 
22.Kd2 Bf4 23.Qe2 Bxe3+ 24.fxe3 Qxe2+ 25.Kxe2 Rb6 26.Rb1 f6 27.Rhc1 Rc8 
28.Nc5 h5 29.b4 hxg4 30.hxg4 Rbc6 31.c4 dxc4 32.Nxb7 Bf7 33.b5 Rb6 34.Nc5 
Bd5 35.Kd2 Kf7 36.a4 Rh8 37.Rh1 Rbb8 38.Kc3 Ke7 39.Kb4 Kd6 40.Rbg1 Rbf8 
1/2-1/2

[Event "II Open A"]
[Site "Padova ITA"]
[Date "1999.12.19"]
[Round "9"]
[White "Diotallevi, Maurizio"]
[Black "Popa, Florin"]
[Result "0-1"]
[WhiteElo "1909"]
[BlackElo "2213"]
[PlyCount "92"]
[EventDate "1999.12.11"]

1.d4 d5 2.c4 e6 3.Nc3 Nf6 4.Bg5 Nbd7 5.cxd5 exd5 6.e3 c6 7.Bd3 Be7 8.Nf3 
O-O 9.Qc2 Re8 10.O-O h6 11.Bh4 Ne4 12.Bxe7 Qxe7 13.Rab1 Ng5 14.Nxg5 Qxg5 
15.f4 Qd8 16.Rbe1 Nf6 17.h3 b6 18.g4 c5 19.Qg2 cxd4 20.exd4 Bb7 21.Re5 
Rxe5 22.fxe5 Ne4 23.Qf3 Ng5 24.Qg2 Qe7 25.Ne2 Qb4 26.h4 Ne6 27.Qf2 Rf8 28.
b3 Qa3 29.Qf5 g6 30.Qf6 Ng7 31.Qf4 Ba6 32.Bxa6 Qxa6 33.Ng3 Qxa2 34.Qxh6 
Qxb3 35.Qf4 Ne6 36.Qf2 Qd3 37.Nf5 gxf5 38.gxf5 Qxd4 39.fxe6 Qxf2+ 40.Rxf2 
fxe6 41.Ra2 Rf7 42.Kg2 b5 43.Ra6 b4 44.Rxe6 b3 45.Re8+ Rf8 46.Re7 Rb8 0-1

[Event "II Open A"]
[Site "Padova ITA"]
[Date "1999.12.19"]
[Round "9"]
[White "Gleizerov, Evgeny"]
[Black "Timoscenko, Gennadij A."]
[Result "1/2-1/2"]
[WhiteElo "2520"]
[BlackElo "2536"]
[PlyCount "21"]
[EventDate "1999.12.11"]

1.d4 d5 2.c4 e6 3.Nf3 Nf6 4.Nc3 Be7 5.cxd5 exd5 6.Bg5 c6 7.e3 Bf5 8.Bd3 
Bxd3 9.Qxd3 Nbd7 10.O-O O-O 11.Rab1 1/2-1/2

[Event "II Open A"]
[Site "Padova ITA"]
[Date "1999.12.19"]
[Round "9"]
[White "Godena, Michele"]
[Black "Manca, Federico"]
[Result "1/2-1/2"]
[WhiteElo "2490"]
[BlackElo "2373"]
[PlyCount "86"]
[EventDate "1999.12.11"]

1.e4 c5 2.Nf3 Nc6 3.Bb5 g6 4.Bxc6 bxc6 5.O-O Bg7 6.Re1 e5 7.a3 Ne7 8.b4 c4
9.Bb2 f6 10.d4 cxd3 11.cxd3 d5 12.Nbd2 O-O 13.Nb3 Be6 14.Nfd2 d4 15.Rc1 
Bh6 16.Na5 Qd7 17.Rc5 Bxd2 18.Qxd2 g5 19.Rec1 Rfc8 20.a4 Kf7 21.Ba3 Rab8 
22.R1c2 h6 23.Qc1 a6 24.Nxc6 Nxc6 25.Rxc6 Rxc6 26.Rxc6 Rc8 27.Rxc8 Qxc8 
28.Qxc8 Bxc8 29.b5 axb5 30.axb5 f5 31.exf5 Bxf5 32.b6 Bc8 33.f3 h5 34.Bd6 
Ke6 35.Bc7 g4 36.fxg4 hxg4 37.h4 gxh3 38.gxh3 Kf5 39.Kf2 e4 40.dxe4+ Kxe4 
41.h4 Kf5 42.Bd8 Kg4 43.Ke2 Ba6+ 1/2-1/2

[Event "II Open A"]
[Site "Padova ITA"]
[Date "1999.12.19"]
[Round "9"]
[White "Joksic, Sinisa"]
[Black "Giacomini, Massimo"]
[Result "1-0"]
[WhiteElo "2288"]
[BlackElo "1932"]
[PlyCount "117"]
[EventDate "1999.12.11"]

1.d4 Nf6 2.Nf3 e6 3.c4 Bb4+ 4.Nbd2 O-O 5.a3 Bxd2+ 6.Nxd2 d6 7.b4 Nbd7 8.
Bb2 Qe7 9.e4 e5 10.d5 Re8 11.g3 Nf8 12.Bg2 Ng6 13.O-O Bg4 14.Qb3 b6 15.a4 
a5 16.bxa5 Rxa5 17.Bc3 Ra6 18.a5 Rb8 19.Rfb1 h6 20.Bf1 Nd7 21.axb6 Raxb6 
22.Qc2 Nc5 23.Rxb6 Rxb6 24.Ra7 Nb7 25.Qa4 Bd7 26.Ra8+ Kh7 27.Qa7 Qg5 28.
Rb8 Nc5 29.Rxb6 cxb6 30.Bb4 Bg4 31.Qxb6 Nf4 32.Qxd6 Ncd3 33.Bc3 f6 34.Qb6 
Nh3+ 35.Bxh3 Bxh3 36.Qe3 Nf4 37.d6 Qg6 38.c5 Ng2 39.Qf3 Nh4 40.Qe2 Bg4 41.
f3 Bd7 42.Kh1 Nxf3 43.Qxf3 Bg4 44.Qe3 Qe8 45.Kg2 Qa4 46.h3 Bd7 47.g4 Qd1 
48.Nf1 Qc2+ 49.Bd2 Bc6 50.Ng3 Kg8 51.Kf2 Kf7 52.Qc3 Qd1 53.Be3 Qb1 54.Qe1 
Qa2+ 55.Qd2 Qe6 56.Qc2 g6 57.Bxh6 g5 58.Nf5 Qd7 59.Qc4+ 1-0

[Event "II Open A"]
[Site "Padova ITA"]
[Date "1999.12.19"]
[Round "9"]
[White "Mrdja, Milan"]
[Black "Ortega, Lexy"]
[Result "0-1"]
[WhiteElo "2425"]
[BlackElo "2499"]
[PlyCount "54"]
[EventDate "1999.12.11"]

1.e4 c5 2.Nf3 e6 3.d4 cxd4 4.Nxd4 a6 5.Bd3 g6 6.f4 Bg7 7.Nf3 d6 8.Qe2 Ne7 
9.c3 Nbc6 10.Be3 O-O 11.Nbd2 b5 12.a3 e5 13.fxe5 Nxe5 14.Nxe5 Bxe5 15.
O-O-O Nc6 16.Kb1 Qc7 17.g4 Be6 18.h4 Na5 19.Rc1 Nc4 20.Bxc4 bxc4 21.Bd4 
Rab8 22.Ka1 Rb5 23.Rc2 Rfb8 24.h5 Bxd4 25.cxd4 Qb6 26.d5 Rxb2 27.Nxc4 Rb1+
0-1

[Event "II Open A"]
[Site "Padova ITA"]
[Date "1999.12.19"]
[Round "9"]
[White "Ravagnani, Tiziano"]
[Black "Bracaglia, Carlo"]
[Result "1/2-1/2"]
[WhiteElo "2025"]
[BlackElo "2134"]
[PlyCount "122"]
[EventDate "1999.12.11"]

1.e4 c6 2.d4 d5 3.e5 Bf5 4.Nc3 e6 5.g4 Bg6 6.Nge2 f6 7.Nf4 Bf7 8.Be3 Nd7 
9.Nd3 fxe5 10.Nxe5 Nxe5 11.dxe5 Bb4 12.a3 Ba5 13.Qd2 Qc7 14.O-O-O O-O-O 
15.Bg5 Rd7 16.b4 Bb6 17.f4 Ne7 18.Bh4 h5 19.Bxe7 Rxe7 20.Be2 hxg4 21.Bxg4 
Bh5 22.h3 g6 23.Na4 Rf8 24.Nxb6+ axb6 25.Kb2 Bxg4 26.hxg4 Ref7 27.Rhf1 g5 
28.f5 Qxe5+ 29.c3 Qg7 30.Qe3 exf5 31.Qe6+ Kd8 32.Rxf5 Rxf5 33.gxf5 Qf6 34.
Qxf6+ Rxf6 35.Rf1 Kc7 36.c4 dxc4 37.Kc3 b5 38.Kd4 Kd6 39.Ke4 Rf8 40.Rd1+ 
Ke7 41.Ke5 g4 42.Rg1 Rg8 43.Rd1 Rf8 44.Rg1 Rd8 45.Rxg4 Rd5+ 46.Ke4 Rd3 47.
Rg7+ Kf6 48.Rxb7 Rxa3 49.Rb6 Ra1 50.Rxc6+ Kg5 51.Rc5 Rf1 52.Rxb5 Rf4+ 53.
Ke3 c3 54.Kd3 Rc4 55.Kc2 Kf6 56.Rb8 Kxf5 57.b5 Ke6 58.b6 Kd7 59.b7 Rb4 60.
Kxc3 Rb6 61.Kc4 Kc7 1/2-1/2

[Event "II Open A"]
[Site "Padova ITA"]
[Date "1999.12.19"]
[Round "9"]
[White "Rogulj, Branko"]
[Black "Dervishi, Erald"]
[Result "1/2-1/2"]
[WhiteElo "2427"]
[BlackElo "2496"]
[PlyCount "86"]
[EventDate "1999.12.11"]

1.e4 e5 2.Nf3 Nc6 3.Bb5 a6 4.Ba4 Nf6 5.O-O Be7 6.Re1 b5 7.Bb3 d6 8.a4 b4 
9.c3 Rb8 10.a5 O-O 11.Bc4 Bb7 12.d3 h6 13.Nbd2 bxc3 14.bxc3 d5 15.exd5 
Nxd5 16.Ne4 Nf6 17.Ng3 Bd6 18.Nh4 Ne7 19.Nhf5 Nxf5 20.Nxf5 Qd7 21.Ng3 Kh8 
22.Qa4 Qxa4 23.Rxa4 Bc6 24.Ra2 Bd5 25.Be3 Bxc4 26.dxc4 Nd7 27.Nf5 Nc5 28.
Nxd6 cxd6 29.Bxc5 dxc5 30.g3 f6 31.Rd1 Rfd8 32.Rxd8+ Rxd8 33.Rb2 Rd1+ 34.
Kg2 Ra1 35.Kf3 f5 36.Re2 e4+ 37.Kf4 g6 38.Ke5 Kg7 39.Rb2 h5 40.Rb7+ Kh6 
41.h4 Rxa5 42.Kf6 Ra2 43.Rb8 Kh7 1/2-1/2

[Event "II Open A"]
[Site "Padova ITA"]
[Date "1999.12.19"]
[Round "9"]
[White "Rossi, Carlo"]
[Black "Ulibin, Mikhail"]
[Result "1/2-1/2"]
[WhiteElo "2361"]
[BlackElo "2562"]
[PlyCount "21"]
[EventDate "1999.12.11"]

1.e4 c5 2.Nf3 e6 3.d3 Nc6 4.g3 d5 5.Nbd2 g6 6.Bg2 Bg7 7.O-O Nge7 8.Re1 O-O
9.c3 e5 10.exd5 Nxd5 11.Nc4 1/2-1/2

[Event "II Open A"]
[Site "Padova ITA"]
[Date "1999.12.19"]
[Round "9"]
[White "Tomescu, Vlad"]
[Black "Chilingirova, Pavlina"]
[Result "1/2-1/2"]
[WhiteElo "2453"]
[BlackElo "2227"]
[PlyCount "90"]
[EventDate "1999.12.11"]

1.e4 c5 2.Nf3 d6 3.d4 Nf6 4.Nc3 cxd4 5.Nxd4 a6 6.Bc4 e6 7.Bb3 Nbd7 8.f4 
Nc5 9.f5 Be7 10.Qf3 e5 11.Nde2 h6 12.Be3 Nxb3 13.axb3 Bd7 14.Nd5 Nxd5 15.
exd5 Bg5 16.O-O Bxe3+ 17.Qxe3 Qa5 18.Qf2 Qd2 19.Nc3 Qxf2+ 20.Rxf2 Ke7 21.
Ne4 f6 22.c4 Rac8 23.Rc1 Rhg8 24.b4 g6 25.c5 dxc5 26.bxc5 gxf5 27.Nd6 Rb8 
28.Nxf5+ Bxf5 29.Rxf5 Rbd8 30.Rd1 Rg4 31.Rh5 Rdg8 32.Rd2 R8g6 33.Rh3 Rb4 
34.Rc3 f5 35.c6 bxc6 36.dxc6 Rg8 37.c7 Rc8 38.Rc6 Rb7 39.Rxa6 Rbxc7 40.
Rxh6 Rc2 41.Rdd6 Rxb2 42.Rde6+ Kd7 43.h4 Rg8 44.Rd6+ Ke7 45.Rhe6+ Kf7 
1/2-1/2

[Event "II Open A"]
[Site "Padova ITA"]
[Date "1999.12.19"]
[Round "9"]
[White "Van Hoolandt, Patrick"]
[Black "Lacrosse, Marc"]
[Result "1/2-1/2"]
[WhiteElo "2050"]
[BlackElo "2218"]
[PlyCount "21"]
[EventDate "1999.12.11"]

1.c4 e6 2.Nf3 d5 3.b3 Nf6 4.g3 Be7 5.Bg2 O-O 6.O-O c5 7.e3 Nc6 8.Bb2 b6 9.
Qe2 Bb7 10.Rd1 dxc4 11.bxc4 1/2-1/2

[Event "IV Memorial Roberto Magari A"]
[Site "Siena ITA"]
[Date "1999.12.??"]
[Round "?"]
[White "Bellincampi, Stefano"]
[Black "Coratella, Giuseppe"]
[Result "1/2-1/2"]
[WhiteElo "2043"]
[BlackElo "2098"]
[PlyCount "29"]
[EventDate "1999.12.03"]

1. e4 e6 2. d4 d5 3. Nd2 Nf6 4. e5 Nfd7 5. c3 c5 6. Bd3 Nc6 7. Ne2 cxd4 8. cxd4
f6 9. exf6 Nxf6 10. O-O Bd6 11. Nf3 Qc7 12. g3 O-O 13. Bf4 Bd7 14. Re1 Rac8 15.
Rc1 1/2-1/2

[Event "IV Memorial Roberto Magari A"]
[Site "Siena ITA"]
[Date "1999.12.??"]
[Round "?"]
[White "Bellincampi, Stefano"]
[Black "Mrdja, Milan"]
[Result "0-1"]
[WhiteElo "2043"]
[BlackElo "2425"]
[PlyCount "72"]
[EventDate "1999.12.03"]

1. e4 c5 2. c3 Qc7 3. d4 d6 4. Nf3 Nd7 5. Bd3 Ngf6 6. O-O e5 7. dxe5 dxe5 8.
Qe2 Be7 9. a4 O-O 10. Na3 a6 11. Nc4 b6 12. Ne3 g6 13. Rd1 Bb7 14. Nf1 Nh5 15.
g3 Ndf6 16. Bh6 Ng7 17. Ng5 Kh8 18. Nf3 Ng4 19. Bc1 f5 20. h3 Nf6 21. N3d2 Qc6
22. f3 Rad8 23. Ne3 Qd7 24. Bxa6 Bxa6 25. Qxa6 fxe4 26. Qf1 exf3 27. Nxf3 Qc8
28. Rxd8 Bxd8 29. Nxe5 Bc7 30. N3c4 Qe6 31. Ng4 h5 32. Nxf6 Rxf6 33. Bf4 g5 34.
Re1 Qf7 35. Qd3 gxf4 36. gxf4 Rg6+ 0-1

[Event "IV Memorial Roberto Magari A"]
[Site "Siena ITA"]
[Date "1999.12.??"]
[Round "?"]
[White "Bellincampi, Stefano"]
[Black "Sabia, Corrado"]
[Result "1/2-1/2"]
[WhiteElo "2043"]
[BlackElo "2198"]
[PlyCount "39"]
[EventDate "1999.12.03"]

1. e4 c5 2. c3 d5 3. exd5 Qxd5 4. d4 Nf6 5. Nf3 cxd4 6. cxd4 e6 7. Nc3 Qd6 8.
Bc4 Nc6 9. O-O a6 10. d5 exd5 11. Nxd5 Nxd5 12. Bxd5 Be7 13. Bg5 O-O 14. Bxe7
Qxe7 15. Re1 Qf6 16. Qb3 Rb8 17. Re3 Bf5 18. Rae1 Rbd8 19. h3 g6 20. Bxc6
1/2-1/2

[Event "IV Memorial Roberto Magari A"]
[Site "Siena ITA"]
[Date "1999.12.??"]
[Round "?"]
[White "Bettalli, Marco"]
[Black "Bellincampi, Stefano"]
[Result "0-1"]
[WhiteElo "2089"]
[BlackElo "2043"]
[PlyCount "102"]
[EventDate "1999.12.03"]

1. Nf3 d5 2. g3 Nf6 3. Bg2 e6 4. O-O Be7 5. b3 O-O 6. Bb2 b6 7. d3 Bb7 8. Nbd2
c5 9. Re1 Nc6 10. e4 Qc7 11. Qe2 Rfe8 12. e5 Nd7 13. h4 Rad8 14. Ng5 h6 15. Nh3
Nd4 16. Bxd4 cxd4 17. f4 f5 18. Nf3 Bb4 19. Rf1 Bc3 20. Rad1 Nf8 21. Nh2 Re7
22. Kh1 Bc6 23. g4 fxg4 24. Qxg4 Be8 25. h5 Rf7 26. Bf3 Bb4 27. Rf2 Rf5 28. Qh4
Qe7 29. Qg3 Bxh5 30. Bg4 Kh8 31. Rg1 Bxg4 32. Nxg4 Nh7 33. Rfg2 Qf7 34. Nh2 Rg8
35. Nf3 Rh5 36. Nh4 g5 37. fxg5 hxg5 38. Rf2 gxh4 39. Qh2 Rxg1+ 40. Qxg1 Rf5
41. Rg2 Rf1 42. Rg8+ Qxg8 43. Qxf1 Qg3 44. Nf4 Nf8 45. Nh5 Qe1 46. Kg2 Qxf1+
47. Kxf1 Kh7 48. Kg2 Kg6 49. Nf4+ Kf5 50. Kf3 Kxe5 51. Kg4 Be7 0-1

[Event "IV Memorial Roberto Magari A"]
[Site "Siena ITA"]
[Date "1999.12.??"]
[Round "?"]
[White "Bettalli, Marco"]
[Black "Bianchi, Riccardo"]
[Result "1/2-1/2"]
[WhiteElo "2089"]
[BlackElo "1753"]
[PlyCount "41"]
[EventDate "1999.12.03"]

1. e4 c5 2. Nf3 d6 3. g3 Nf6 4. d3 g6 5. Bg2 Bg7 6. O-O O-O 7. h3 Nc6 8. Nbd2
h6 9. Re1 e5 10. a4 Be6 11. Nc4 Qe7 12. c3 b6 13. Qe2 Rab8 14. Be3 Nd7 15. Rad1
Rfc8 16. b3 Kh7 17. d4 cxd4 18. cxd4 Nxd4 19. Nxd4 exd4 20. Bxd4 Bxc4 21. bxc4
1/2-1/2

[Event "IV Memorial Roberto Magari A"]
[Site "Siena ITA"]
[Date "1999.12.??"]
[Round "?"]
[White "Bettalli, Marco"]
[Black "Masullo, Andrea"]
[Result "1-0"]
[WhiteElo "2089"]
[BlackElo "1642"]
[PlyCount "43"]
[EventDate "1999.12.03"]

1. Nf3 Nf6 2. g3 g6 3. Bg2 Bg7 4. O-O O-O 5. d3 d5 6. Nbd2 Nbd7 7. c4 c6 8. Rb1
b6 9. b4 Bb7 10. Bb2 Re8 11. e4 dxe4 12. dxe4 e5 13. Qc2 Qc7 14. c5 b5 15. Nb3
Rad8 16. Rbd1 Re7 17. Rd6 Ne8 18. Rfd1 Qb8 19. R6d2 Bf8 20. Nxe5 Qc7 21. Bh3
Nxe5 22. Rxd8 1-0

[Event "IV Memorial Roberto Magari A"]
[Site "Siena ITA"]
[Date "1999.12.??"]
[Round "?"]
[White "Bianchi, Riccardo"]
[Black "Brancaccio, Alfonso"]
[Result "1-0"]
[WhiteElo "1753"]
[BlackElo "1831"]
[PlyCount "63"]
[EventDate "1999.12.03"]

1. d4 Nf6 2. c4 e6 3. Bg5 c5 4. d5 exd5 5. cxd5 d6 6. Nc3 Be7 7. Nf3 O-O 8. e4
Bg4 9. Be3 Nbd7 10. Be2 Re8 11. Nd2 Ne5 12. f3 Bd7 13. O-O a6 14. a4 b6 15. Nc4
Nxc4 16. Bxc4 Qc7 17. Qd3 Bf8 18. Bxa6 g6 19. Bb5 Bg7 20. Rab1 Ra5 21. b3 Qd8
22. Bxd7 Nxd7 23. Nb5 Ne5 24. Qc2 Qd7 25. Bd2 Ra6 26. Bc3 Bh6 27. Qe2 Raa8 28.
f4 Ng4 29. h3 Rxe4 30. Qxe4 Re8 31. Qf3 Ne3 32. Rfe1 1-0